[Event "Norwood Centenary"]
[Site "Norwood"]
[Date "1990.04.15"]
[Round "3.10"]
[White "Sarma, Venu"]
[Black "Condon, Robert F"]
[Result "0-1"]
[WhiteElo "1498"]
[BlackElo "1745"]
[PlyCount "60"]
[EventDate "1990.04.14"]
[EventType "swiss"]
[EventRounds "6"]
[EventCountry "AUS"]

1. d4 Nf6 2. Bg5 Ne4 3. Bf4 {Trompovski Attack} f5 $14 (3... g5 4. Be5 f6 5. e3
(5. f3 Nf2 6. Kxf2 fxe5 7. Qd2 e6 8. dxe5 Nc6 9. Nc3 Nxe5 10. e3 d5 11. Nge2
Bd7 12. Nc1 Qf6 13. Nb3 Bd6 14. Be2 h5 15. Ke1 O-O-O 16. Qd4 Kb8 17. Nc5 Bxc5
18. Qxc5 b6 19. Qa3 Nc4 20. Bxc4 dxc4 21. Qb4 g4 22. Ne4 Qf5 23. Rf1 gxf3 24.
gxf3 Bc6 25. Ng3 Qxc2 26. Rf2 Qd3 27. Nf1 Rhf8 28. f4 Rg8 29. Rd2 Qe4 30. Rad1
Rxd2 31. Rxd2 Rg1 32. Qc3 Qb1+ 33. Rd1 Rxf1+ {
0-1 Storm,R-Waschk,A/OLNN 1992/BIG 90 (33)}) 5... Bg7 6. Qh5+ Kf8 7. f3 Nd6 8.
Bxd6 cxd6 9. Nc3 Qe8 10. Qg4 Nc6 11. Bc4 a6 12. a3 b5 13. Ba2 b4 14. axb4 Nxb4
15. Bb3 h5 16. Qf5 e6 17. Qa5 Nc6 18. Qa3 {
Wilk,J-Henkel,R/PF-ch Eisenberg 1993/GER 05/1-0 (46)}) (3... c6 4. Nd2 Qa5 5.
c3 Nxd2 6. Qxd2 d6 7. Nf3 Nd7 8. e4 e5 9. dxe5 dxe5 10. Be3 Nf6 11. Qc2 Be7 12.
h3 O-O 13. Be2 Be6 14. O-O Rad8 15. a3 Qc7 16. Rad1 h6 17. Rxd8 Rxd8 18. Nd2 c5
19. c4 Qc6 20. f3 Nh5 21. Nb1 Bxh3 22. gxh3 Qg6+ 23. Kh1 Qg3 24. Rf2 Bg5 25.
Qc1 Qxf2 {0-1 Bartsch,S-Grigore,G/Berliner Sommer 1996/EXP 54 (25)}) (3... g6
4. Nd2 (4. f3 Nf6 5. e4 Bg7 6. Nc3 O-O 7. Qd2 c5 8. d5 d6 9. Bh6 Nbd7 10. h4 b5
11. Bxb5 Rb8 12. Bxd7 Bxd7 13. b3 a5 14. h5 a4 15. Nge2 Qa5 16. Bxg7 Kxg7 17.
hxg6 fxg6 18. Nxa4 Qxd2+ 19. Kxd2 Bxa4 20. bxa4 Rb4 21. Rhb1 Rxa4 22. Rb7 Kf7
23. Nc3 Rd4+ 24. Ke3 Rd8 25. a4 Rc4 26. Nb5 Ne8 27. c3 Ra8 {
1-0 Gerstner,W-Majer,D/Hessen-Baden 1993/GER 08 (27)}) 4... d5 5. Nxe4 dxe4 6.
Qd2 Bg7 7. e3 O-O 8. O-O-O c5 9. dxc5 Qxd2+ 10. Rxd2 Be6 11. Bb5 Rc8 12. Ne2 f5
13. g4 Nc6 14. gxf5 gxf5 15. Nd4 Nxd4 16. exd4 a6 17. Be2 Rd8 18. Rhd1 {
Crouch,C-Krokos,I/Ano Liosia op 1996/EXP 51/1-0 (33)}) (3... d5 4. e3 $11) 4.
e3 c5 5. Nf3 $11 (5. Nd2 $5 Qa5 6. c3 Nxd2 7. Qxd2 $14) 5... e6 $14 (5... Qb6
6. b3 $11) 6. d5 $11 (6. Ne5 $5 {should be examined more closely} Nf6 7. Nc3
$11) 6... Qb6 7. Be5 $15 (7. b3 Qb4+ 8. Ke2 b6 $11) 7... d6 8. Bc3 Nxc3 9. bxc3
exd5 10. Nbd2 (10. Qxd5 $4 {A poison bait which should not be taken} Qb2 $19)
10... Be7 11. Bd3 $17 (11. c4 Be6 $15) 11... O-O 12. h4 $19 (12. c4 $5 $15 {
is an interesting alternative}) 12... f4 $17 (12... Bf6 13. Rb1 Qc7 14. c4 $17)
13. e4 Bf6 {Black gets strong initiative} 14. Ng5 $19 (14. Rb1 Qa5 15. exd5
Bxc3 16. O-O $15) 14... Qc7 $4 $11 {weakening the position} (14... Bxc3 $142 {
and Black is on the road to success} 15. Rc1 h6 $19) 15. Nxh7 c4 {
Black wins space} 16. Nxf6+ $11 (16. Nxf8 Kxf8 17. Be2 Bxc3 18. exd5 Bxa1 19.
Qxa1 b5 $14) 16... Rxf6 17. Be2 Be6 18. Bg4 Qe7 19. Bxe6+ Qxe6 20. Qf3 $2 $19 (
20. Qe2 $142 $5 $15 {and White is still in the game}) 20... dxe4 21. Qxe4 $2 {
Opening the e-file gets Black a lot of play} (21. Qe2 $142 d5 22. Rb1 $19)
21... Qxe4+ 22. Nxe4 Re6 23. Ke2 d5 24. Rad1 (24. Kf3 Rxe4 25. Rhd1 Nd7 26.
Rxd5 Nf6 $19) 24... dxe4 25. Rd8+ Kf7 26. Rhd1 Re8 (26... b5 {seems even better
} 27. R1d4 $19) 27. R1d5 (27. Rxe8 Kxe8 28. Rd4 f3+ 29. Kf1 fxg2+ 30. Kxg2 b5
$19) 27... f3+ (27... Rxd8 $5 {makes it even easier for Black} 28. Rxd8 b5 29.
f3 $19) 28. gxf3 exf3+ 29. Kxf3 Nc6 (29... a6 30. a4 $19) 30. R8d7+ (30. Rxa8
Rxa8 31. Rd7+ Kf6 32. Rxb7 Rd8 $17) 30... Kg8 (30... Kg8 31. Rxb7 Rab8 32. Rxb8
Nxb8 $17) (30... Re7 $142 $5 31. Kf4 Rf8 32. Rf5+ Ke8 33. Rxe7+ Kxe7 34. Rxf8
Kxf8 $19) 0-1

[Event "Norwood Centenary"]
[Site "Norwood"]
[Date "1990.04.15"]
[Round "3.11"]
[White "Sremcevic, George"]
[Black "Brown, Cyril D"]
[Result "1-0"]
[WhiteElo "1827"]
[BlackElo "1421"]
[PlyCount "117"]
[EventDate "1990.04.14"]
[EventType "swiss"]
[EventRounds "6"]
[EventCountry "AUS"]

1. Nf3 Nf6 2. c4 c5 {English Opening [Symmetrical Variation]} 3. d4 d5 (3...
cxd4 4. Qxd4 Nc6 5. Qd1 g6 6. Nc3 Bg7 7. e4 d6 8. Be2 O-O 9. O-O Be6 10. Rb1
Nd7 11. Ng5 Nc5 12. Nxe6 Nxe6 13. Nd5 Nc5 14. f3 Qd7 15. Be3 {
1/2-1/2 Domaske,A-Hanisch,K/OLO-B 1995/GER 11 (15)}) 4. Nc3 $11 (4. dxc5 Qa5+
5. Nc3 dxc4 6. Qd4 e6 7. Be3 Be7 8. Qxc4 O-O 9. b4 Qd8 10. Rd1 Bd7 11. Bf4 Qc8
12. e3 b6 13. Bd6 Bxd6 14. Rxd6 bxc5 15. bxc5 Rd8 16. Ne5 Nc6 17. Nxc6 Bxc6 18.
Rxd8+ Qxd8 {Tkalec,K-Zaloznik,V/SLO-chW 1992/TD 92\07/1-0 (38)}) (4. cxd5 Qxd5
5. Nc3 Qf5 $11) 4... cxd4 5. Nxd4 dxc4 6. Bf4 Qa5 7. Qa4+ $17 (7. Ndb5 Na6 8.
e3 Be6 $15) 7... Qxa4 8. Nxa4 e6 {Covers f5} 9. e3 Bb4+ 10. Nc3 Bd7 11. Bxc4
Nc6 12. Nxc6 Bxc6 13. O-O O-O 14. Be5 Be7 15. h3 {Consolidates g4} Ne4 16. Rfd1
Rfd8 17. Nxe4 Bxe4 18. f3 Bc2 19. Rxd8+ Rxd8 20. Rc1 Ba4 21. b3 Bc6 22. a4 a6
23. Bxa6 f6 24. Bd4 Bxa4 25. bxa4 bxa6 26. Rc7 Bb4 27. Ra7 a5 28. Bb6 Rd5 29.
Kf2 Rd2+ 30. Kg3 Ra2 31. Bxa5 Rxa4 32. Bb6 Rxa7 33. Bxa7 e5 34. Kg4 h6 35. h4
Kf7 (35... g6 36. h5 f5+ 37. Kh3 $11) 36. h5 Bc3 37. Kf5 {
The white king gets dangerous} Be1 38. Bb6 Bg3 39. Ba5 Bf2 40. Bd2 Bg3 $16 (
40... Ke7 41. Kg6 Kf8 42. g4 $14) 41. Kg4 Bf2 42. f4 $14 (42. g3 $142 $5 $18)
42... Bg1 $16 (42... exf4 $142 $5 {is worth consideration} 43. Kxf4 Bh4 $16)
43. g3 exf4 44. Kxf4 (44. exf4 $6 Ke6 $11) 44... Ke6 45. Kf3 Kf5 46. Bb4 $14 (
46. Kg2 $5 Bxe3 47. Bxe3 $16) 46... Bxe3 $2 $18 (46... Kg5 $142 $5 $14 {
is a viable option}) 47. Kxe3 Kg4 48. Bd6 $16 (48. Ke4 Kxh5 49. Kf5 g6+ 50. Kf4
g5+ 51. Kf5 g4 $18) 48... Kxh5 49. Kf4 Kg6 50. Kg4 Kf7 $2 $18 (50... h5+ $142
$5 51. Kh4 Kh6 $16) 51. Kh5 Kg8 (51... Ke6 52. Bf8 Kf7 53. Bb4 $18) 52. Kg6 Kh8
(52... h5 $18 {the only chance to get some counterplay}) 53. Bf8 (53. g4 $142 {
and White takes home the point} Kg8 54. Ba3 $18) 53... h5 54. Bxg7+ Kg8 55.
Bxf6 {The mate threat is Be7} h4 (55... Kf8 {doesn't get the bull off the ice}
56. Kxh5 Kf7 57. Bh4 $18) 56. Bxh4 {Threatening mate: Be7} Kh8 57. g4 Kg8 58.
Kf6 (58. Be7 Kh8 59. Kf7 Kh7 60. g5 Kh8 61. Bf8 Kh7 62. g6+ Kh8 63. Bg7#) 58...
Kh7 (58... Kf8 {does not save the day} 59. g5 Ke8 60. g6 Kd7 61. g7 Kc6 62.
g8=Q Kb6 63. Qd5 Ka6 64. Qc6+ Ka7 65. Bf2+ Kb8 66. Qd7 Ka8 67. Qc8#) 59. g5 (
59. g5 Kg8 60. g6 Kf8 61. g7+ Ke8 62. g8=Q+ Kd7 63. Qc4 Kd6 64. Bg3+ Kd7 65.
Qc7+ Ke8 66. Qe7#) (59. Kf7 Kh6 60. Be7 Kh7 61. g5 Kh8 62. Bf8 Kh7 63. g6+ Kh8
64. Bg7#) 1-0

[Event "Norwood Centenary"]
[Site "Norwood"]
[Date "1990.04.15"]
[Round "3.12"]
[White "Coleman, Edwin"]
[Black "Bailey, Cliff"]
[Result "1-0"]
[WhiteElo "1613"]
[BlackElo "1300"]
[PlyCount "105"]
[EventDate "1990.04.14"]
[EventType "swiss"]
[EventRounds "6"]
[EventCountry "AUS"]

1. c4 Nf6 2. g3 Nc6 3. Bg2 e5 4. Nc3 Be7 5. e3 d6 6. Nge2 O-O {
English Opening [Sicilian Attack]} 7. O-O (7. d4 exd4 8. exd4 Re8 9. O-O Bg4
10. h3 Bd7 11. g4 Kh8 12. a3 Na5 13. b3 Rb8 14. Rb1 a6 15. a4 Bf8 16. Qd3 Nc6
17. b4 d5 18. c5 Ne7 19. Bg5 c6 20. f4 Neg8 21. f5 Be7 {
Tabatadze,T-Georgiou,A/Ankara zt 1995/EXP 49/1-0 (39)}) 7... Bf5 8. d4 e4 9. f3
$146 {Prevents intrusion on g4} (9. a3 Re8 10. b4 a6 11. Nd5 Nxd5 12. cxd5 Na7
13. Nc3 Bf6 14. Qc2 Qe7 15. Bb2 Nb5 16. Nxb5 axb5 17. Rfc1 Rec8 18. Bf1 Qe8 19.
Qe2 c6 20. dxc6 bxc6 21. Rc2 d5 22. Rac1 Bd7 23. h4 Be7 {
Geanta,H-Vavrak,P/WchJM-U10 Duisburg 1992/TD 92\06/1/2-1/2 (78)}) 9... exf3 {
A strong pawn} 10. Rxf3 Qd7 11. Qf1 $11 (11. Rf1 Bg4 $14) 11... Bg6 $14 (11...
Bd3 12. b3 $11) 12. Nf4 a6 {Secures b5} 13. Bd2 Ne4 14. Nxg6 Nxd2 15. Nxf8 ({
Weaker is} 15. Nxe7+ Nxe7 16. Qf2 Nxf3+ 17. Qxf3 b5 $19) 15... Nxf3+ 16. Qxf3
Rxf8 17. a3 {Controls b4} Na5 18. Qd5 (18. Qe2 Nb3 19. Rf1 c6 $14) 18... Nb3
19. Rd1 c6 {Consolidates b5} 20. Qh5 g6 (20... f5 21. e4 $11) 21. Qe2 Qc7 22.
Qc2 Na5 23. Na2 $11 (23. Qd3 b5 24. cxb5 axb5 $16) 23... b5 24. cxb5 axb5 25.
Nb4 Nc4 26. Re1 (26. Rd3 d5 27. b3 Bxb4 28. axb4 Nb6 $14) 26... Bg5 $14 (26...
d5 27. e4 Bxb4 28. axb4 dxe4 29. Qxe4 $11) 27. Qc3 ({Instead of} 27. Bxc6 Bxe3+
28. Rxe3 Nxe3 $17) (27. Nxc6 $6 Nxe3 28. Qe4 d5 29. Ne7+ Qxe7 30. Qxe7 Bxe7 31.
Rxe3 Bf6 $14) 27... Re8 {The pressure on the backward pawn e3 grows} 28. Nc2 c5
(28... d5 29. b3 Qa5 30. Qxa5 Nxa5 31. a4 bxa4 32. bxa4 $11) 29. b3 cxd4 30.
Qxd4 Nxe3 $14 {White gets strong play along the open e-file} (30... Ne5 $5 {
should be considered} 31. Re2 Rc8 $11) 31. Nxe3 Bxe3+ 32. Rxe3 {
Do you see the mate threat?. White gets in control} Qc1+ 33. Kf2 Qc2+ 34. Kf3
Qf5+ 35. Ke2 Qc2+ 36. Qd2 Rxe3+ 37. Kxe3 Qxb3+ 38. Qd3 Qe6+ 39. Be4 f5 (39...
Qe5 40. Qd5 Qc3+ 41. Bd3 Qxa3 42. Qxb5 $18) 40. Qd5 {
Do you see the mate threat?} Kf7 41. Qxe6+ Kxe6 42. Bc6 b4 (42... Ke5 43. Bxb5
Kd5 44. a4 $18) 43. axb4 Ke7 44. Kd4 Kd8 45. Kd5 Kc7 46. b5 g5 47. Ke6 f4 48.
gxf4 gxf4 49. Kf5 Kb6 50. Kxf4 Kc5 51. h4 d5 52. h5 d4 53. h6 (53. h6 d3 54.
Ke3 $18) 1-0

[Event "Norwood Centenary"]
[Site "Norwood"]
[Date "1990.04.15"]
[Round "3.13"]
[White "Manning, Cliff"]
[Black "Walshe, D Bradley"]
[Result "1/2-1/2"]
[WhiteElo "1246"]
[BlackElo "1560"]
[PlyCount "102"]
[EventDate "1990.04.14"]
[EventType "swiss"]
[EventRounds "6"]
[EventCountry "AUS"]

1. d4 e6 2. c4 Nf6 3. Nc3 Bb4 4. Qc2 c5 5. e3 Nc6 6. Nf3 {Nimzo-Indian Defence}
O-O (6... cxd4 7. exd4 Qa5 8. Bd2 d5 9. cxd5 exd5 10. Bb5 O-O 11. Bxc6 bxc6 12.
O-O c5 13. a3 Bxc3 14. Bxc3 Qb6 15. dxc5 Qxc5 16. Qd3 Qb6 17. Bxf6 Ba6 18. Qf5
Qxf6 {1/2-1/2 Tolstrup,B-Christensen,J/Copenhagen PC 1996/EXP 54 (18)}) 7. dxc5
(7. Bd2 d5 8. dxc5 d4 9. Nxd4 Nxd4 10. exd4 Qxd4 11. Be2 Bd7 12. a3 Bxc5 13.
Be3 Qe5 14. Bxc5 Qxc5 {1/2-1/2 Mohanty,P-Sahu,S/Calcutta 1992/EXP 27 (14)})
7... Bxc3+ $16 (7... Bxc5 $5 {is worthy of consideration} 8. Be2 b6 $11) 8.
Qxc3 Ne4 9. Qc2 $14 (9. Qa3 b6 10. cxb6 Qxb6 $16) 9... f5 10. a3 {Controls b4}
Nxc5 11. b4 Ne4 12. Bd3 a5 13. b5 {White gets more space} ({Less advisable is} 
13. Bxe4 fxe4 14. Qxe4 axb4 $11) 13... Ne7 14. Bxe4 fxe4 15. Qxe4 Nf5 $18 (
15... d5 16. cxd5 exd5 17. Qe5 $16) 16. O-O $16 (16. Bb2 $5 d6 $16) 16... Nd6
17. Qc2 $14 (17. Qd4 Nf5 18. Qb2 d6 $16) 17... b6 $16 (17... Qc7 18. Ng5 g6 19.
Rd1 $14) 18. Bb2 Bb7 19. Nd2 Rc8 20. Qc3 $14 (20. Qd3 Ne8 $16) 20... Rf7 $16 (
20... Qg5 21. g3 Nxb5 22. Qxg7+ Qxg7 23. Bxg7 Kxg7 24. cxb5 $14) 21. Rac1 $11 (
21. Qd3 $142 $5 Ne8 22. Rac1 $16) 21... Nxb5 22. Qb3 Nd6 23. Bd4 Qg5 {
Threatening mate: Qxg2} 24. f3 {Covers e4} b5 $14 (24... Nf5 25. Qd3 $11) 25.
c5 $11 (25. cxb5 $5 {should be investigated more closely} Nxb5 26. Rxc8+ Bxc8
27. Bb6 $14) 25... Nf5 26. Ne4 $15 (26. Qxb5 Nxd4 27. Qxb7 Qxe3+ 28. Kh1 Rff8
$11) 26... Qg6 $14 (26... Bxe4 $142 $5 {should not be overlooked} 27. fxe4 Nxd4
28. exd4 Rcf8 $17) 27. Qxb5 Bc6 {The black bishop is safe in front of c5} 28.
Qe2 (28. Qxa5 $6 e5 29. Bxe5 Nxe3 $11) 28... Rcf8 29. Be5 h5 $16 (29... Nh4 30.
Bg3 Bxe4 31. fxe4 Rxf1+ 32. Rxf1 Rxf1+ 33. Qxf1 Qxe4 34. Bxh4 Qxh4 35. Qc1 $11)
30. Ng3 Nh4 $18 (30... Nxg3 $5 31. Bxg3 Qg5 $16) 31. Qc2 $16 (31. e4 Nxf3+ 32.
gxf3 h4 $16) 31... Nf5 32. Nxf5 Rxf5 33. Bd6 R8f7 34. Rb1 h4 35. Qf2 $16 (35.
Rb8+ $142 $5 Kh7 36. h3 $18) 35... Bxf3 $2 $18 (35... h3 $142 $5 36. Rb8+ Kh7
$14) 36. Rb8+ Kh7 37. Qxh4+ Bh5 {The mate threat is Rxf1} 38. Bf4 $4 $11 {
allows the opponent back into the game} (38. Rxf5 $142 {
would have given White a clear advantage} Qxf5 39. h3 $18) 38... e5 39. Rb6 {
Here comes the goal-getter} Qg4 40. Qxg4 Bxg4 41. h3 Bxh3 42. gxh3 exf4 43.
Rxf4 Rxf4 44. exf4 Rxf4 45. Kg2 Rc4 46. Rb5 Ra4 47. Rb3 Kg6 48. Rd3 Kf5 49.
Rxd7 Rxa3 50. c6 Rc3 51. Ra7 Rxc6 1/2-1/2

[Event "Norwood Centenary"]
[Site "Norwood"]
[Date "1990.04.15"]
[Round "3.14"]
[White "Fraser, Lee"]
[Black "Wouters, Eddy"]
[Result "0-1"]
[WhiteElo "1245"]
[BlackElo "1135"]
[PlyCount "70"]
[EventDate "1990.04.14"]
[EventType "swiss"]
[EventRounds "6"]
[EventCountry "AUS"]

1. e4 e5 2. f4 exf4 3. Nf3 {King's Knight's Gambit} Nc6 4. h4 $17 (4. Bc4 d6 (
4... Be7 5. O-O d6 6. d4 Bg4 7. Bxf4 Bxf3 8. Rxf3 Bf6 9. c3 Nge7 10. Qb3 O-O
11. Nd2 a6 12. Re1 b5 13. Bd3 Ng6 14. Be3 Bg5 15. Ref1 Bxe3+ 16. Rxe3 Qg5 17.
Re2 Rae8 18. Ref2 Re7 19. Qc2 {Badura,M-Diehle,J/Osnabrueck 1994/1-0 (35)}) (
4... Bc5 5. d4 Bb6 6. Bxf4 h6 7. c3 Nf6 8. O-O d6 9. Kh1 Nxe4 10. Re1 d5 11.
Nbd2 Bf5 12. Nxe4 Bxe4 13. Bd3 f5 14. Ng1 O-O 15. Re3 Ne7 16. Rg3 Kh7 17. Nh3
Ng6 18. Bxe4 Nxf4 19. Nxf4 Qd6 20. Bxd5 c6 21. Ne6 Rf6 22. Rxg7+ Kh8 23. Rg3
cxd5 24. Ng7 Rg8 25. Nh5 Rfg6 26. Rxg6 Rxg6 27. Qf3 Bc7 28. g3 Rg5 29. Nf4 Kh7
30. Nxd5 Bb8 31. Nf4 Qe7 32. Rg1 Bxf4 33. Qxf4 Qe2 34. Qf1 Qxb2 35. h4 Rg4 36.
Qxf5+ Rg6 37. h5 {1-0 Alnajjar,H-Causon,M/Novi Sad 1990/EXT 90 (37)}) 5. O-O
Bg4 6. d4 (6. c3 Ne5 7. Be2 Nf6 8. d4 Ng6 9. Ng5 Bxe2 10. Qxe2 Qe7 11. Nd2
O-O-O 12. b3 h6 13. Nh3 Re8 14. Re1 Nd5 15. c4 Ne3 16. Qd3 Qh4 17. Nf3 Qg4 18.
Bxe3 fxe3 19. Rxe3 Nf4 20. Nxf4 Qxf4 {
Weiss,M-Spatz,W/Bayern-chW2 1991/TD 92\07/1-0 (32)}) 6... Nf6 7. Nc3 Be7 8.
Bxf4 O-O 9. Qd2 a6 10. a4 Nb4 11. Rae1 c6 12. Bb3 d5 13. e5 Nh5 14. Be3 f6 15.
exf6 Nxf6 16. Bg5 Qc7 17. Nd1 c5 18. dxc5 Bxc5+ {
Schubert,D-Christen,W/OLNO 1992/BIG 90/1/2-1/2 (38)}) (4. d4 $5 $11 {
is noteworthy}) 4... d6 $15 (4... Nf6 5. e5 Qe7 6. d4 $17) 5. d4 Bg4 6. Bxf4 g6
(6... Qe7 7. Nc3 $11) 7. Qd3 $15 (7. Nc3 $5 $11 {is interesting}) 7... Bg7 $11
(7... Bxf3 8. gxf3 Qf6 9. Be3 $15) 8. Be3 a6 9. Qb3 $15 (9. Nbd2 Qe7 $11) 9...
Rb8 $14 (9... Bxf3 $142 $5 {is an interesting idea} 10. gxf3 Bxd4 $15 (10...
Nxd4 $2 11. Bxd4 Bxd4 12. Qa4+ c6 13. Qxd4 $18)) 10. Nbd2 $11 (10. d5 Bxf3 11.
gxf3 Nge7 $14) 10... b5 11. O-O-O Nge7 12. Ng5 {
Attacking the backward pawn on f7} (12. Bd3 d5 $11) 12... O-O 13. Ngf3 Na5 (
13... d5 14. e5 $11) 14. Qa3 c6 15. Nb3 $15 (15. Re1 $5 $14) 15... Nxb3+ $11 (
15... Nc4 16. Bxc4 bxc4 17. Nbd2 $11) 16. Qxb3 Qc7 17. Bg5 Rfe8 18. Re1 Bxf3
19. gxf3 Bxd4 $11 (19... Nf5 $5 $15) 20. Bh6 $17 (20. Rd1 $142 $5 {
has some apparent merit} Bg7 21. h5 $11) 20... Bg7 $11 (20... Nf5 $142 $5 21.
Bf4 Ng7 $15) 21. Bf4 $17 (21. Bxg7 $142 $5 {is worth looking at} Kxg7 22. h5
$11) 21... Be5 22. Be3 Bg7 $11 (22... Bg3 $142 $5 23. Rd1 h5 $17) 23. Bd3 $17 (
23. h5 $142 $11 {would keep White alive}) 23... d5 $11 (23... c5 $142 $5 24.
Qa3 c4 $17) 24. h5 d4 25. Bd2 (25. hxg6 Nxg6 26. Bg1 c5 $17) 25... c5 26. Qa3
Qc6 $11 (26... c4 $5 27. hxg6 Nxg6 $17) 27. hxg6 $15 (27. e5 Nd5 $11) 27...
hxg6 28. f4 $2 $19 (28. Be2 $142 $15 {is the best option White has}) 28... c4
29. Bf1 Rb7 $15 (29... c3 $142 $5 30. bxc3 dxc3 $19) 30. Bh3 $17 (30. Qh3 c3
31. bxc3 dxc3 32. Be3 Qxe4 33. f5 $19) 30... Bf8 $15 (30... c3 $5 31. bxc3 dxc3
$19) 31. f5 $17 {White wins space} (31. Qa5 $142 $5 $15 {deserves consideration
}) 31... Nxf5 32. exf5 $4 $19 {
but even a better move would not have saved the game.} (32. Qf3 $142 c3 33.
bxc3 Ba3+ 34. Kb1 $19) 32... Bxa3 (32... Rxe1+ {keeps an even firmer grip} 33.
Rxe1 Bxa3 34. bxa3 $19) 33. bxa3 (33. Rxe8+ {there is nothing else anyway} Qxe8
34. bxa3 $19) 33... Rxe1+ (33... Rbe7 $142 {and Black has reached his goal} 34.
fxg6 Rxe1+ 35. Rxe1 Rxe1+ 36. Bxe1 $19) 34. Rxe1 Qf3 (34... c3 $5 {
and Black can already relax} 35. Bh6 Re7 36. Rg1 $19) 35. Bf1 Qxf5 (35... Qxf5
36. Bg2 Rb6 $19) 0-1

[Event "Norwood Centenary"]
[Site "Norwood"]
[Date "1990.04.15"]
[Round "3.15"]
[White "Siow, David"]
[Black "Fereday, Anthony"]
[Result "1-0"]
[WhiteElo "1130"]
[BlackElo "1221"]
[PlyCount "54"]
[EventDate "1990.04.14"]
[EventType "swiss"]
[EventRounds "6"]
[EventCountry "AUS"]

1. e4 c5 2. Nf3 e6 3. d4 cxd4 4. Nxd4 Nf6 5. Nc3 a6 6. Bd3 d6 7. O-O Be7 8. f4
{Sicilian Defence [Paulsen Variation]} O-O (8... Nbd7 9. Kh1 O-O 10. Qe1 Nc5
11. Nf3 b5 12. e5 Nxd3 13. cxd3 dxe5 14. fxe5 Ne8 15. d4 Bb7 16. Ne4 Qd5 17.
Bg5 Bxg5 18. Nexg5 h6 19. Nh3 Rc8 20. Nf4 Qe4 21. Qg3 Qf5 22. Rf2 Nc7 23. h4 {
Meijers,V-Gheorghiu,F/Bern op 1995/EXP 46/0-1 (45)}) 9. Be3 Qc7 (9... Nbd7 10.
Qf3 Nc5 11. a4 Bd7 12. e5 Ne8 13. Ne4 Nxd3 14. cxd3 Rc8 15. Qg3 Bc6 16. Nxc6
Rxc6 17. d4 d5 18. Nc3 f5 19. Rfc1 Qd7 20. Qf3 Nc7 21. Qd1 Rc8 22. Ne2 Na8 23.
b3 Nb6 24. Rxc6 {Heissler,J-Boensch,U/BL9293 1993/BL 90/0-1 (80)}) 10. f5 $146
{White gets more space} (10. Kh1 Nc6 11. Nb3 b5 12. a3 Bb7 13. Qf3 Na5 14. Nxa5
Qxa5 15. Qh3 e5 16. f5 Qd8 17. Rad1 Rc8 18. Bg5 Qd7 19. Bxf6 Bxf6 20. g4 Bg5
21. Nd5 Bxd5 22. exd5 h6 23. Qh5 Qe7 24. Rde1 Bh4 {
Da Luz,M-Usuanlele,A/Manila olw 1992/TD 92\07/0-1 (39)}) 10... e5 11. Nb3 Nc6
12. Bg5 b5 13. Bxf6 Bxf6 14. Nd5 {The white knight is well posted.} Qa7+ 15.
Kh1 Bd8 16. Qh5 f6 17. Rf3 (17. a4 bxa4 18. Bc4 Kh8 (18... axb3 $4 {
is most certainly to be avoided} 19. Nxf6+ Kh8 20. Qxh7#) 19. Rxa4 Qd7 $16)
17... Qf7 18. Qh4 g5 $16 (18... Ne7 $5 {looks like a viable alternative} 19.
Nxe7+ Bxe7 $14) 19. Qh6 $14 (19. fxg6 $142 $5 hxg6 20. Raf1 $16) 19... Ne7 20.
Nxe7+ Bxe7 21. Rc1 d5 {Trying to unravel the pawn chain} 22. exd5 Qxd5 $16 (
22... Bb7 23. Be4 $14) 23. c4 Qd7 $18 (23... Qd8 $142 $5 $16) 24. Rh3 $16 (24.
Be4 Bb7 25. Rd3 Qc7 $16) 24... Rf7 25. cxb5 $11 (25. Be4 $142 $5 Bf8 26. Qh5
$16) 25... axb5 26. a3 {Consolidates b4.} Qd5 27. Nd2 $17 (27. Bc2 Bb7 28. Rg3
b4 $11) 27... Ra4 $4 $18 {instead of simply winning the game} (27... Bb7 $142
28. Ne4 Qd4 $17) 1-0

[Event "Norwood Centenary"]
[Site "Norwood"]
[Date "1990.04.15"]
[Round "3.16"]
[White "Egg, Marcel"]
[Black "Steffensen, Neil"]
[Result "1-0"]
[WhiteElo "1137"]
[BlackElo "1125"]
[PlyCount "89"]
[EventDate "1990.04.14"]
[EventType "swiss"]
[EventRounds "6"]
[EventCountry "AUS"]

1. c4 Nf6 2. d4 d5 3. e3 e6 4. Nf3 {Queen's Gambit} Bb4+ (4... a6 5. Nbd2 c5 6.
dxc5 (6. cxd5 exd5 7. dxc5 Bxc5 8. a3 Nc6 9. b4 Ba7 10. Nb3 O-O 11. Bb2 Bg4 12.
Be2 Qe7 13. O-O Rac8 14. Nbd4 Nxd4 15. Nxd4 Bd7 16. Bd3 Qe5 17. Qe2 Bb8 18. g3
Qe7 19. Nf5 Bxf5 20. Bxf5 Rcd8 {
Rashkovsky,N-Rabiega,R/Berliner Sommer 1996/EXP 54/0-1 (34)}) 6... Bxc5 7. b3
O-O 8. Bb2 Qe7 9. a3 Nc6 10. Qc2 Rd8 11. Bd3 d4 12. exd4 Nxd4 13. Nxd4 Bxd4 14.
Bxd4 Rxd4 15. Nf3 Rd6 16. O-O b6 17. Rfd1 Bb7 18. Ne5 g6 19. b4 {
Malaniuk,V-Ivanchuk,V/Yalta super 1995/EXP 47/1/2-1/2 (31)}) 5. Bd2 Nc6 $14 (
5... Bxd2+ 6. Nbxd2 dxc4 7. Bxc4 O-O 8. O-O Nc6 9. a3 a6 10. Qc2 h6 11. Rac1
Re8 12. Ne5 Ne7 13. Bd3 c6 14. h3 Kf8 15. Ndf3 Nfd5 16. Nh4 f6 17. Neg6+ Nxg6
18. Bxg6 Re7 19. Bh7 Ke8 20. Bg6+ {
Schmitt,R-Weiland,K/RLPF-chS Hauenstein 1991/GER 05/0-1 (57)}) (5... Be7 6. Qb3
$11) 6. a3 $11 (6. Bxb4 Nxb4 7. Qa4+ Nc6 $14) 6... Bxd2+ 7. Nbxd2 Ng4 8. Be2
O-O 9. h3 Nf6 10. O-O Re8 11. Ne5 $11 (11. b4 a6 $14) 11... Nxe5 12. dxe5 {
White launches an attack} Ne4 $16 (12... Nd7 $5 13. Nf3 Qe7 $11) 13. Nxe4 dxe4
{White gets strong play along the open d-file} 14. Qxd8 $14 (14. Qc2 Qh4 $16)
14... Rxd8 15. Rad1 {Threatening mate: Rxd8} Bd7 16. b3 {Secures a4} a6 17. Rd2
b5 $4 $18 (17... Bc6 $142 {was much better} 18. Rfd1 Rxd2 19. Rxd2 Kf8 $14) 18.
Rfd1 bxc4 19. Bxc4 (19. Rxd7 $6 {is the weaker alternative} Rxd7 20. Rxd7 cxb3
21. Rxc7 Rb8 $16) 19... g6 20. Rxd7 Rxd7 21. Rxd7 a5 (21... Ra7 {
does not win a prize} 22. Kh2 $18) 22. a4 (22. Rxc7 $5 {
might be the shorter path} h5 $18) 22... Rc8 23. Kf1 c5 (23... h5 {
doesn't change anything anymore} 24. Ba6 Rb8 25. Bb5 $18) 24. Ke1 (24. Ra7 {
keeps an even firmer grip} g5 $18) 24... Kf8 (24... Ra8 {
doesn't get the cat off the tree} 25. Rc7 $18) 25. Ke2 (25. Ra7 $5 {
seems even better} g5 $18) 25... Ke8 (25... Ra8 {does not solve anything} 26.
Rc7 $18) 26. Bb5 Rd8 27. Rc7+ Kf8 28. Rxc5 Rd3 (28... Kg7 $18 {what else?}) 29.
Bxd3 exd3+ 30. Kxd3 h5 31. b4 (31. Rxa5 {might be the shorter path} Ke8 $18)
31... axb4 32. a5 b3 {
The passed pawn on a5 will quickly become a dangerous weapon} 33. Kc3 f5 34. f4
Kg7 35. h4 g5 36. g3 Kg6 37. a6 {The mate threat is a7} Kh6 (37... b2 {
does not improve anything} 38. Kxb2 gxh4 39. a7 h3 40. a8=Q h2 41. Qg8+ Kh6 42.
Rc7 h1=Q 43. Qxe6#) 38. a7 $1 {the end} b2 (38... gxh4 {does not help much} 39.
a8=Q b2 40. Qf8+ Kg6 41. Qf6+ Kh7 42. Rc7+ Kg8 43. Qg7#) 39. Kxb2 gxf4 (39...
gxh4 {cannot change what is in store for ?} 40. Rc7 h3 41. a8=Q h2 42. Qf8+ Kg6
43. Qg7#) 40. exf4 (40. a8=Q fxg3 41. Qh8+ Kg6 42. Rc7 f4 43. Qf6#) 40... Kg6 (
40... Kg7 {a fruitless try to alter the course of the game} 41. Rc7+ Kh6 42.
a8=Q Kg6 43. Qg8+ Kh6 44. Qxe6#) 41. a8=Q Kh6 (41... Kg7 {cannot change destiny
} 42. Rc7+ Kh6 43. Qf8+ Kg6 44. Qg7#) 42. Qf8+ Kg6 43. Qf6+ Kh7 44. Rc7+ Kg8
45. Qd8# (45. Qg7#) 1-0